| 000 | 00649nam a22002177a 4500 | ||
|---|---|---|---|
| 005 | 20240327111223.0 | ||
| 008 | 211220b ||||| |||| 00| 0 eng d | ||
| 040 | _cAL | ||
| 041 | _aEng | ||
| 082 |
_223 _a359.0092 _bJOHA |
||
| 100 |
_aWilson John _9157197 |
||
| 245 | _aAdmirals fall : the true account of Vishnu Bhagwats dismissal | ||
| 260 |
_aNew Delhi _bHar-Anand Publications Pvt Ltd |
||
| 300 |
_a147 p. _bPB _c22x14.5 cm. |
||
| 365 |
_a₹250.00 _b₹ _c₹250.00 |
||
| 650 |
_aBhagwat _911944 |
||
| 650 |
_aVishnu _911945 |
||
| 650 |
_aIndian Navy--History--20th century. _911946 |
||
| 700 |
_aJOHN (Wilson) _911947 |
||
| 942 |
_2ddc _cGF |
||
| 999 |
_c220992 _d220992 |
||